000 01098nam a22003737a 4500
001 048
003 DO-SdBNP
005 20180220110034.0
007 048
008 151005b1993 sp 00| 0 spa d
020 _a8434824086
040 _aBPMSU
_bspa
_cBPMSU
092 _aXXXX
_bXXXX
100 1 _aHunter, Mollie
240 1 0 _aThe mermaid summer /
_f1988
_leng
245 1 0 _aEl verano de la sirena /
_cMollie Hunter ; ilustración Fuencisla del Amo, Francisco Solé ; traducción Emilio Ortega ; colección dirigida por Marinella Terzi
250 _a6a. ed.
260 _aMadrid :
_bEdiciones SM,
_c1993.
300 _a128 p. :
_bil. ;
_c19 cm.
490 1 _aEl barco de vapor
_v48
490 1 _aNaranja
500 _aA partir de 9 años
521 1 _aA partir de los 9 años
700 1 2 _aAmo, Fuencisla del
_eil.
700 1 2 _aSolé, Francisco
_eil.
700 1 2 _aOrtega, Emilio
_etrad.
700 1 2 _aTerzi, Marinella
_edir.
830 0 _aBarco de vapor
_n48
830 0 _aNaranja
910 _a202
942 _2ddc
_cBK
945 _aInventariado, 2018 / BT
956 _aYngrid Lockward
999 _c8404
_d8404